Estadísticas para Las 100 Ciudades más Grandes de Europa con un Mapa

Haz click aquí para tomar la prueba!

Estadísticas generales

  • Esta prueba ha sido tomada 7.459 veces
  • La puntuación promedio es 59 de 97

Respuestas en el mapa

Las respuestas están codificadas por una escala verde-roja en el mapa de la prueba según el % correcto abajo.
 

Estadísticas de respuestas

PoblaciónCiudad% Correcto
6.55mMadrid
99%
4.78mBarcelona
98%
2.48mLisboa
98%
14.8mLondres
98%
11.4mParís
98%
3.58mRoma
98%
4.73mBerlín
96%
17.3mMoscú
96%
1.39mDublín
95%
3.35mAtenas
94%
1.19mOslo
94%
3.48mKiev
93%
6.20mMilán
93%
1.29mSevilla
93%
1.84mValencia
93%
2.48mÁmsterdam
91%
2.23mEstocolmo
90%
1.30mHelsinki
90%
1.54mOporto
90%
2.70mBruselas
89%
2.38mVarsovia
89%
3.05mManchester
88%
2.25mViena
88%
911kBilbao
87%
2.20mBucarest
87%
2.63mBudapest
87%
4.23mNápoles
87%
16.0mEstambul
86%
1.30mSofía
86%
1.03mMálaga
85%
1.66mMarsella
84%
2.25mMunich
84%
1.44mPraga
83%
809kZagreb
83%
726kZaragoza
83%
1.88mLiverpool
82%
2.00mMinsk
82%
5.65mSan Petersburgo
81%
1.98mLyon
80%
1.68mCopenhague
77%
872kTirana
75%
1.42mBelgrado
74%
1.43mZürich
73%
935kEdimburgo
72%
1.01mFlorencia
72%
1.64mTurín
72%
3.25mFráncfort
67%
2.88mHamburgo
66%
1.68mGlasgow
65%
946kNiza
64%
900kPalermo
64%
1.08mBurdeos
63%
3.25mRóterdam / La Haya
63%
3.15mBirmingham
60%
819kCracovia
58%
791kGinebra
58%
960kCardiff
56%
1.04mToulouse
56%
2.18mLeeds
51%
716kNantes
47%
1.29mLille
44%
1.11mOdesa
44%
1.22mAmberes
43%
1.48mNewcastle
41%
1.00mBremen
38%
926kBristol
37%
704kCatania
36%
2.40mStuttgart
36%
1.44mDonetsk
35%
748kLeipzig
35%
1.16mSouthampton
35%
834kDresde
34%
708kGotemburgo
33%
771kBasilea
32%
904kGdańsk
32%
1.15mHanover
31%
1.20mNuremberg
31%
806kSalonica
31%
712kLeicester
28%
725kLeópolis
28%
1.57mSheffield
27%
1.64mJarkov
26%
1.38mNottingham
26%
829kŁódź
23%
995kUtrecht
23%
1.30mRostov del Don
22%
1.41mVolgogrado
21%
1.39mDnipró
18%
915kKrasnodar
17%
813kAquisgrán
15%
1.73mNizhni Nóvgorod
15%
712kCoventry
14%
1.58mMannheim
14%
739kZaporiyia
13%
935kBielefeld
12%
907kSaarbrücken
10%
1.06mVoronezh
10%

Distribución de puntuación

Porcentaje por número respondido

Porcentaje de gente con cada puntuación

Historial de tus puntuaciones

No has tomado esta prueba